| 000 | 005910000a22001810004500 | ||
|---|---|---|---|
| 003 | MACL | ||
| 005 | 20160517133337.0 | ||
| 008 | 160517b xxu||||| |||| 00| 0 eng d | ||
| 040 |
_aMACL _cMACL |
||
| 041 | _aHindi | ||
| 082 | _a891.433 | ||
| 100 |
_aटैगोर, रविन्द्रनाथ _943762 |
||
| 245 |
_aजीवित और मृत _cटैगोर, रविन्द्रनाथ |
||
| 260 |
_bप्रतिमा प्रकाशन _c2003 _aदिल्ली |
||
| 350 | _a100 | ||
| 650 |
_aStory _957604 |
||
| 942 |
_cHIN _k891.433/TAG/S _2ddc |
||
| 999 |
_c12783 _d12783 |
||